000 00522nam a22001577a 4500
003 OSt
005 20260114152147.0
008 260114b |||||||| |||| 00| 0 eng d
040 _cMRSPTU
100 _aPreeti Kiran, Supervisor: Dr. Paramjeet Singh
245 _aMitigation of Sink Hole Attack in MANET Using ACO with Artificial Neural Network
260 _bDepartment of CSE, MRSPTU, Bathinda
_c2017
650 _aComputer Science
856 _uhttp://163.47.215.52:8080/jspui/handle/123456789/265
942 _2ddc
_cTH
_n0
999 _c10631
_d10631